Charlie y la fábrica de chocolate / (Registro nro. 3956)
[ vista simple ]
| 000 -LEADER | |
|---|---|
| fixed length control field | 01382nam a2200277Ia 4500 |
| 003 - CONTROL NUMBER IDENTIFIER | |
| control field | OSt |
| 005 - DATE AND TIME OF LATEST TRANSACTION | |
| control field | 20250711143350.0 |
| 008 - FIXED-LENGTH DATA ELEMENTS--GENERAL INFORMATION | |
| fixed length control field | 191128s1992 ck a cr 000 f spa d |
| 020 ## - INTERNATIONAL STANDARD BOOK NUMBER | |
| International Standard Book Number | 9582401168 |
| 040 ## - CATALOGING SOURCE | |
| Original cataloging agency | CO-JMCR |
| Transcribing agency | CO-JMCR |
| 041 ## - LANGUAGE CODE | |
| Language code of text/sound track or separate title | spa |
| 082 04 - DEWEY DECIMAL CLASSIFICATION NUMBER | |
| Classification number | N |
| Item number | DAHc |
| 100 1# - MAIN ENTRY--PERSONAL NAME | |
| Personal name | Dahl, Roald, |
| Dates associated with a name | 1916-1990 |
| Relator term | autor |
| 9 (RLIN) | 2911 |
| 245 10 - TITLE STATEMENT | |
| Title | Charlie y la fábrica de chocolate / |
| Statement of responsibility, etc. | Roald Dahl ; traducción Verónica Head ; ilustraciones Faith Jacques |
| 250 ## - EDITION STATEMENT | |
| Edition statement | Primera edición |
| 260 ## - PUBLICATION, DISTRIBUTION, ETC. | |
| Place of publication, distribution, etc. | Bogotá : |
| Name of publisher, distributor, etc. | Alfaguara, |
| Date of publication, distribution, etc. | 1992 |
| 300 ## - PHYSICAL DESCRIPTION | |
| Extent | 172 páginas : |
| Other physical details | ilsutraciones en blanco y negro ; |
| Dimensions | 20 cm. |
| 500 ## - GENERAL NOTE | |
| General note | Recomendado desde los 10 años. |
| 505 ## - FORMATTED CONTENTS NOTE | |
| Formatted contents note | Aquí viene Charlie -- La fábrica del señor Willy Wonka -- El señor Wonka y el príncipe indio -- Los obreros secretos -- Los billetes dorados -- Los dos primeros afortunados -- El cumpleaños de Charlie -- Se encuentran otros dos Billetes dorados |
| 520 ## - SUMMARY, ETC. | |
| Summary, etc. | El sueño de la fábrica de chocolate Wonka ha escondido 5 billetes de oro en sus chocolatinas , billetes que son el acceso a la misteriosa fábrica qu oculta múltiples e increíbles sorpresas. Charlie tiene la suerte de encontrar uno de ellos. |
| 534 ## - ORIGINAL VERSION NOTE | |
| Introductory phrase | Charlie and the chocolate factory |
| 650 14 - SUBJECT ADDED ENTRY--TOPICAL TERM | |
| Source of heading or term | Dulces en la literatura |
| 700 ## - ADDED ENTRY--PERSONAL NAME | |
| Personal name | Head, Verónica, |
| Relator term | traductora |
| 9 (RLIN) | 6700 |
| 700 ## - ADDED ENTRY--PERSONAL NAME | |
| Personal name | Jacques, Faith, |
| Relator term | ilustrador |
| 9 (RLIN) | 6701 |
| 942 ## - ADDED ENTRY ELEMENTS (KOHA) | |
| Source of classification or shelving scheme | Dewey Decimal Classification |
| Koha item type | Books |
| Withdrawn status | Lost status | Source of classification or shelving scheme | Damaged status | Not for loan | Collection code | Home library | Current library | Date acquired | Source of acquisition | Cost, normal purchase price | Total Checkouts | Total Renewals | Full call number | Barcode | Date last seen | Date last checked out | Copy number | Koha item type |
|---|---|---|---|---|---|---|---|---|---|---|---|---|---|---|---|---|---|---|
| Dewey Decimal Classification | Fiction | Biblioteca Pública José María del Castillo y Rada | Biblioteca Pública José María del Castillo y Rada | 11/28/2019 | Donación | 0.00 | 19 | 12 | N DAHc | 201808757 | 03/31/2026 | 03/31/2026 | Ej.1 | Books |